00305nam a2200097Ia 4500008004100000082001800041100002000059245001700079260004800096650006300144211119s9999||||xx |||||||||||||| ||und|| a530.05bMAH-V aMahabir Singh,  0aVolume title bChemical Publishing CompanyaNew Yorkc1993 aNatural SciencesvPhysicsGeneraliaxReference Reading Room